000 00445nam a2200145 i 4500
001 81526
003 ES-MaACL
007 t|
008 041104s1922 gw ||||1| ger d
100 1 _aHurwitz, Adolf.
_964805
245 1 0 _aVorlesungen über Allgemeine Funktionentheorie und Elliptische Funktionen /
_cvon Adolf Hurwitz.
260 _aBerlin :
_bJulius Springer,
_c1922.
300 _aXI, 396 p. :
_bil. ;
_c24 cm.
852 _aES-MaACL
_jB-4562
999 _c81526
_d81526